| 000 | 00754nam a2200217 a 4500 | ||
|---|---|---|---|
| 001 | 000014585 | ||
| 005 | 20200929163855.0 | ||
| 008 | 100115s1984 dr ac 001 0 spa d | ||
| 040 |
_aDO-SdBNP _bspa _cBNPHU |
||
| 082 |
_a305.4097285 _bR188t, 1984 |
||
| 100 | 1 |
_aRandall, Margaret _933024 |
|
| 245 | 1 | 0 |
_a... y tambiƩn digo mujer / _cMargaret Randall. |
| 250 | _a2a ed. | ||
| 260 |
_aSanto Domingo : _bTaller, _c1984. |
||
| 300 |
_a96 p. : _bil., retrs. ; _c21 cm. |
||
| 590 | _aInventariado, 2018/VM | ||
| 650 | 4 |
_aMujeres en nicaragua _933025 |
|
| 650 | 4 |
_aMujeres _xCondiciones sociales _zNicaragua _99426 |
|
| 651 | 4 |
_aNicaragua _xHistoria _xRevolución Popular Sandinista, 1979 _xRelatos Personales _933026 |
|
| 910 | _aValidado. Control de calidad EMS | ||
| 999 |
_c14171 _d14171 |
||